LEADER 01946nam 2200613 a 450 001 9910453835003321 005 20210108181529.0 010 $a1-282-15996-8 010 $a9786612159961 010 $a90-272-9378-3 035 $a(CKB)1000000000551221 035 $a(OCoLC)60365277 035 $a(CaPaEBR)ebrary10052867 035 $a(SSID)ssj0000252692 035 $a(PQKBManifestationID)12077589 035 $a(PQKBTitleCode)TC0000252692 035 $a(PQKBWorkID)10181060 035 $a(PQKB)11627472 035 $a(MiAaPQ)EBC623156 035 $a(EXLCZ)991000000000551221 100 $a20150424d2004|||| s|| | 101 0 $aeng 181 $ctxt 182 $cc 183 $acr 200 10$aStructure of Time : Language, Meaning, and Temporal Cognition$b[electronic resource] 210 $aPhiladelphia, PA, USA$cJohn Benjamins Publishing Company$d20040301 210 $cJohn Benjamins Publishing Company 215 $a1 online resource (297 p.) 225 0 $aHuman cognitive processing The structure of time 300 $aBibliographic Level Mode of Issuance: Monograph 311 $a1-58811-466-X 311 $a90-272-2364-5 606 $aLANGUAGE ARTS & DISCIPLINES$2bisac 606 $aLinguistics / Semantics$2bisac 606 $aSpace and time in language 606 $aSemantics 606 $aCognition 606 $aLanguages & Literatures$2HILCC 606 $aPhilology & Linguistics$2HILCC 615 7$aLANGUAGE ARTS & DISCIPLINES 615 7$aLinguistics / Semantics 615 0$aSpace and time in language 615 0$aSemantics 615 0$aCognition 615 7$aLanguages & Literatures 615 7$aPhilology & Linguistics 676 $a401/.43 700 $aEvans$b Vyvyan$0280715 801 0$bPQKB 906 $aBOOK 912 $a9910453835003321 996 $aStructure of Time : Language, Meaning, and Temporal Cognition$91950174 997 $aUNINA